000 00347nam a2200145 i 4500
001 bg
100 1 _aCHARRER, Dż.
245 0 _aTechnika regulorivanija jadernych reaktorow /
_cDż. Charrer.
260 _aMoskva,
_c1967.
040 _cBPK
041 _apol
080 _a621.039.56
942 _cKS
008 s pl f |000 0 pol
999 _c12775
_d12775
856 _uhttp://koha.tu.koszalin.pl/cgi-bin/koha/opac-detail.pl?biblionumber=12775
_yKatalog online BPK